Immigration et Homosexualitè Droits et santè
Saved in:
| Corporate Authors: | , |
|---|---|
| Format: | Bog |
| Sprog: | engelsk |
| Udgivet: |
Regione Emilia Romagna
|
| Tags: |
Ingen Tags, Vær først til at tagge denne postø!
|
MARC
| LEADER | 00000nam a2200000 4500 | ||
|---|---|---|---|
| 005 | 20241016182534.0 | ||
| 008 | 241016b |||||||| |||| 00| 0 eng d | ||
| 040 | |c GP | ||
| 110 | |a IO (Immigrazioni e Omosessualità) | ||
| 245 | |a Immigration et Homosexualitè |b Droits et santè | ||
| 260 | |b Regione Emilia Romagna | ||
| 710 | |a Arcigay | ||
| 942 | |2 ddc |c BK |n 0 | ||
| 952 | |0 0 |1 0 |2 ddc |4 0 |6 362_000000000000000_ARC |7 1 |9 2138 |a RM |b RM |d 2024-10-16 |l 0 |o 362 ARC |p 745 |r 2024-10-16 18:25:55 |w 2024-10-16 |y BK | ||
| 999 | |c 1880 |d 1880 | ||